01413 a2200277 4500003000500000005001700005010001700022020002300039020002600062035002100088035002400109040000900133082001500142100002000157245012300177260003900300300003300339505029500372610004400667610004400711650008000755651001100835856010600846856009100952856009201043Nust20170207154044.0 a 2008011992 a0470073942 (cloth) a9780470073940 (cloth) a(OCoLC)213600784 a(OCoLC)ocn213600784 cNust00a332.6209731 aEinhorn, David.10aFooling some of the people all of the time :a long short story -(E-BOOK)cDavid Einhorn ; foreword by Joel Greenblatt. aHoboken, N.J. :bJ. Wiley,cc2008. axx, 379 p. :bill. ;c24 cm. aPart One: A Charity Case and Green light Capital (Page-9) Part Two: Spinning So Fast Leaves Most People Dizzy(Page-55) Part Three: Would Somebody, Anybody, Wake Up?(Page-145) Part Four: How the System Works (and Doesn’t)(Page-213) Part Five: Green light Was Right . . . Carry On(Page-275)20aAllied CapitalxAccountingxEvaluation.20aAllied CapitalxManagementxEvaluation. 0aSmall business investment companieszUnited StatesxManagementxEvaluation. aE-BOOK423Contributor biographical informationuhttp://www.loc.gov/catdir/enhancements/fy0828/2008011992-b.html423Publisher descriptionuhttp://www.loc.gov/catdir/enhancements/fy0828/2008011992-d.html423Table of contents onlyuhttp://www.loc.gov/catdir/enhancements/fy0828/2008011992-t.html